00723nam a22002057a 450000500170000001000150001702000260003202000230005803500130008103700130009408200100010710000290011724501710014626000430031727000500036030000290041050000400043970000160047970000220049520131205164609.0 aENG-108782 a9781259063770c495.00 a1259063771c495.00 aEN-92315 bDBAD/PUB a005.1 aDharanipragada Janakiram aBuilding large scale software systems :ba study of Linux Kernel from software engineering approach /cby Dharanipragada Janakiram, Vinay Kumar [and] Suneetha Nadella aNew DelhibMcGraw Hill Educationc2013 aP-24, Green Park ExtensionbNew Delhie110016 a95p.c22cm(pbk)e1CD-ROM aIncludes bibliographical references aVinay Kumar aNadella, Suneetha